LEADER 00456nab a2200145 i 4500 001 000000311199 003 CaOOAMICUS 005 20180831173028.0 008 180831n xx uu u0 0und r 013 $a20287 040 $aSeMil$bita 100 1 $aPatroni, Giuseppe.$0(OLS)http://semarc/name/71824 245 13$aIl Papato attraverso i secoli. 773 0 $t[Luglio-Dicembre].$g377-387$w()274044 996 $6245$aIl Papato attraverso i secoli$9(OLS)http://semarc/title/385842 LEADER 00508nab a2200145 i 4500 001 000000309325 003 CaOOAMICUS 005 20180831172952.0 008 180831n xx uu u0 0und r 013 $a18418 040 $aSeMil$bita 100 1 $aNicora, Luigi,$c.$0(OLS)http://semarc/name/61485 245 10$aSull?intervento del Clero nella politica. 773 0 $t[Luglio-Dicembre].$g125-139, 227-24$w()273828 996 $6245$aSull?intervento del Clero nella politica$9(OLS)http://semarc/title/384397